Approaches and methods in language teaching /

Bibliographic Details
Main Author: Richards, Jack C.
Other Authors: Rodgers, Theodore S. (Theodore Stephen), 1934-
Format: Book
Language:English
Published: New York : Cambridge University Press, 2001.
Edition:Second edition
Series:Cambridge language teaching library
Subjects:
Classic Catalogue: View this record in Classic Catalogue
LEADER 02148nam a2200373 a 4500
001 12179162
003 BD-DhAAL
005 20211129145132.0
008 090531s2001 nyu b 001 0 eng d
999 |c 1196  |d 1196 
010 |a \\\00048624  
020 |a 0521803659 
020 |a 0521008433 (pbk.) 
020 |a 0521012600 (pbk.) 
040 |a DLC  |c DLC  |d DLC  |d BD-DhAAL 
082 0 0 |a 418.0071  |2 21 
100 1 |a Richards, Jack C.  |9 34152 
245 1 0 |a Approaches and methods in language teaching /  |c Jack C. Richards and Theodore S. Rodgers. 
250 |a Second edition 
260 |a New York :  |b Cambridge University Press,  |c 2001. 
300 |a ix, 269 pages ;  |c 22 cm. 
440 |a Cambridge language teaching library  |9 34153 
504 |a Includes bibliographical references and index. 
526 |a BIED 
541 1 |a Complimentary copy from BIED  |e 00013368,35316  
650 0 |a Language and languages  |x Study and teaching.  |9 34154 
700 1 |a Rodgers, Theodore S.  |q (Theodore Stephen),  |d 1934-  |9 34155 
852 4 |a Ayesha Abed Library  |j BIED Collection 
942 |2 ddc  |c BK 
952 |0 0  |1 0  |2 ddc  |4 0  |6 418_007100000000000_RIC  |7 0  |9 1081  |a BRACUL  |b BRACUL  |c GEN  |d 2009-06-24  |g 350.00  |l 17  |m 108  |o 418.0071 RIC  |p 3010013368  |r 2026-05-15  |s 2026-02-03  |t 1  |v 700.00  |w 2009-06-24  |y BK 
952 |0 0  |1 0  |2 ddc  |4 0  |6 418_007100000000000_RIC  |7 0  |8 NFIC  |9 9577  |a BRACUL  |b BRACUL  |c GEN  |d 2010-04-29  |g 350.00  |l 12  |m 74  |o 418.0071 RIC  |p 3010013367  |r 2026-02-22  |s 2026-02-18  |t 2  |w 2010-04-29  |y BK 
952 |0 0  |1 0  |2 ddc  |4 0  |6 418_007100000000000_RIC  |7 0  |8 NFIC  |9 9579  |a BRACUL  |b BRACUL  |c GEN  |d 2010-04-29  |g 350.00  |l 12  |m 108  |o 418.0071 RIC  |p 3010013366  |q 2026-06-02  |r 2026-02-06  |s 2026-02-06  |t 3  |w 2010-04-29  |y BK 
952 |0 0  |1 0  |2 ddc  |4 0  |6 418_007100000000000_RIC  |7 0  |8 NFIC  |9 66171  |a BRACUL  |b BRACUL  |c GEN  |d 2019-09-08  |e Complimentary copy from BIED  |l 3  |m 15  |o 418.0071 RIC  |p 3010035316  |r 2026-04-19  |s 2025-12-30  |t 4  |w 2019-09-08  |y BK  |x Transferred from BIED to General Stacks 
952 |0 0  |1 0  |2 ddc  |4 0  |6 418_007100000000000_RIC  |7 0  |8 NFIC  |9 66186  |a BRACUL  |b BRACUL  |c GEN  |d 2019-09-08  |e Complimentary copy from BIED  |l 4  |m 38  |o 418.0071 RIC  |p 3010035309  |r 2026-02-24  |s 2026-02-01  |t 5  |w 2019-09-08  |y BK  |x Transferred from BIED to General Stacks